| 000 | 00000nam##2200000za#4500 |
| 001 | 9.696421 |
| 003 | CaOODSP |
| 005 | 20240209132437 |
| 007 | cr ||||||||||| |
| 008 | 150407|2005||||xxc|||||o f|0| 0 eng|d |
| 040 | |aCaOODSP|beng |
| 043 | |an-cn--- |
| 086 | 1 |aIu89-4/8-2005E-PDF |
| 110 | 2 |aAtlantic Canada Opportunities Agency. |
| 245 | 10|aACOA Direct : |h[electronic resource]|byour account information – just a click away |
| 260 | |aMoncton - New Brunswick : |bAtlantic Canada Opportunities Agency |c[2005]. |
| 300 | |a1p. |
| 500 | |aThe catalogue number (Iu89-4/8-2005) and ISBN (0-662-68759-0) for the bilingual print edition have been incorrectly copied in this PDF version. |
| 590 | |a12-32-Supp|b2012-07-11 |
| 690 | 07|aGovernment On-Line|2gcpds |
| 775 | 08|tAPECA en direct : |w(CaOODSP)9.640536 |
| 776 | 0#|tACOA Direct : |w(CaOODSP)9.666187 |
| 776 | 0#|tAPECA en direct : |w(CaOODSP)9.666188 |
| 856 | 40|ahttp://publications.gc.ca|qPDF|s243 KB|uhttps://publications.gc.ca/collections/collection_2012/apeca-acoa/Iu89-4-8-2005-eng.pdf |
| 986 | |aACOA: 2005-03 |